Regional Innovation, Knowledge and Global Change : (Record no. 617838)

MARC details
000 -LEADER
fixed length control field 00507nam a2200193 a 4500
008 - FIXED-LENGTH DATA ELEMENTS--GENERAL INFORMATION
fixed length control field 260318s2005##################000#0#eng##
020 ## - INTERNATIONAL STANDARD BOOK NUMBER
ISBN 9781844800940
082 04 - DEWEY DECIMAL CLASSIFICATION NUMBER
Classification number 338.064ACS
100 1# - MAIN ENTRY--AUTHOR NAME
Personal name Acs, Zoltan,
245 10 - TITLE STATEMENT
Title Regional Innovation, Knowledge and Global Change :
260 ## - PUBLICATION, DISTRIBUTION, ETC. (IMPRINT)
Year of publication 2005.
300 ## - PHYSICAL DESCRIPTION
Number of Pages 284 pages
650 #0 - SUBJECT ADDED ENTRY--TOPICAL TERM
Topical Term Business & Economics.
942 ## - ADDED ENTRY ELEMENTS (KOHA)
Koha item type English Books
Holdings
Withdrawn status Lost status Damaged status Not for loan Home library Current library Shelving location Date acquired Full call number Accession Number Price effective from Koha item type
        Anna Centenary Library Anna Centenary Library 4TH FLOOR, A WING 18.03.2026 338.064ACS 177064 18.03.2026 English Books

Find us on the map